[Event "12. Lichtenberger Sommer"]
[Site "Berlin"]
[Date "2013.08.21"]
[Round "5.75"]
[White "Mueller, Johannes"]
[Black "Kühnemund, Lutz"]
[Result "1/2-1/2"]
[WhiteElo "1835"]
[BlackElo "2044"]
[PlyCount "97"]
[EventDate "2013.??.??"]
[WhiteTeam "SC Friesen Lichtenberg e.V."]
[BlackTeam "SC Friesen Lichtenberg e.V."]

1. e4 e6 2. d4 d5 3. e5 c5 4. c3 Qb6 5. Nf3 Nc6 6. a3 c4 7. Nbd2 Na5 8. g3 Be7
9. h4 Bd7 10. g4 f6 11. exf6 gxf6 12. g5 O-O-O 13. Bh3 h6 14. g6 h5 15. Qe2 Nh6
16. Rg1 Qd6 17. g7 Rhg8 18. Nxc4 Nxc4 19. Bxh6 e5 20. Bxd7+ Rxd7 21. Rg6 e4 22.
Ng1 Qh2 23. b3 Nxa3 24. b4 Nc4 25. Qxh5 Nb2 26. Be3 Nd3+ 27. Kf1 Kb8 28. Qg4
Rdd8 29. Qg3+ Qxg3 30. fxg3 Rd7 31. h5 Bxb4 32. h6 Bxc3 33. Ra3 Bb4 34. Rxd3
exd3 35. h7 Rdd8 36. Nf3 a5 37. Bd2 Bxd2 38. Nxd2 a4 39. Ke1 b5 40. Nb1 b4 41.
Kd2 a3 42. Nxa3 bxa3 43. hxg8=Q Rxg8 44. Kxd3 a2 45. Rxf6 Rxg7 46. Rf1 Rxg3+
47. Kc2 Kc7 48. Ra1 Kc6 49. Rxa2 1/2-1/2

[Event "12. Lichtenberger Sommer"]
[Site "Berlin"]
[Date "2013.08.21"]
[Round "5.76"]
[White "Bandsom, Olaf"]
[Black "Rauhut, Frank"]
[Result "1/2-1/2"]
[WhiteElo "1808"]
[BlackElo "1993"]
[PlyCount "58"]
[EventDate "2013.??.??"]
[WhiteTeam "SC Friesen Lichtenberg e.V."]
[BlackTeam "SV Jenapharm Jena"]

1. e4 g6 2. d4 Bg7 3. Nf3 c5 4. c3 cxd4 5. cxd4 d5 6. exd5 Nf6 7. Nc3 Nxd5 8.
Bc4 Nb6 9. Bb3 O-O 10. O-O Nc6 11. Be3 Bg4 12. h3 Bf5 13. a3 Na5 14. Ba2 Nac4
15. Qe2 Nxe3 16. fxe3 e5 17. Rad1 exd4 18. Nxd4 Bxd4 19. Rxd4 Qe7 20. Qf3 Rae8
21. g4 Be6 22. Re4 Qc5 23. Bxe6 Rxe6 24. Rxe6 fxe6 25. Qxf8+ Qxf8 26. Rxf8+
Kxf8 27. b3 Nd5 28. Nxd5 exd5 29. Kf2 Ke7 1/2-1/2

[Event "12. Lichtenberger Sommer"]
[Site "Berlin"]
[Date "2013.08.21"]
[Round "5.77"]
[White "Birkholz, Axel"]
[Black "Barwich, Andreas"]
[Result "1/2-1/2"]
[WhiteElo "1857"]
[BlackElo "1935"]
[PlyCount "51"]
[EventDate "2013.??.??"]
[WhiteTeam "SV Trossingen"]
[BlackTeam "SV Berolina Mitte e.V."]

1. e4 c5 2. Nf3 e6 3. d4 cxd4 4. Nxd4 Nf6 5. Nc3 Nc6 6. Ndb5 Bb4 7. a3 Bxc3+ 8.
Nxc3 d5 9. exd5 Nxd5 10. Bd2 Nxc3 11. Bxc3 Qxd1+ 12. Rxd1 O-O 13. g3 e5 14. Bg2
Bf5 15. Bxc6 bxc6 16. O-O Bxc2 17. Rd2 Be4 18. f3 Bd5 19. Bxe5 Rfe8 20. Bd4 a6
21. Kf2 Re6 22. f4 f6 23. Re1 Rxe1 24. Kxe1 Re8+ 25. Re2 Rxe2+ 26. Kxe2 1/2-1/2

[Event "12. Lichtenberger Sommer"]
[Site "Berlin"]
[Date "2013.08.21"]
[Round "5.78"]
[White "Revinelli, Sergio"]
[Black "Prix, Siegfried"]
[Result "0-1"]
[WhiteElo "1829"]
[BlackElo "1803"]
[PlyCount "150"]
[EventDate "2013.??.??"]
[WhiteTeam "C.S. Veduggio"]
[BlackTeam "Sfrd. Berlin 1903 e.V."]

1. e4 e5 2. Nf3 Nc6 3. Bc4 Nf6 4. Ng5 d5 5. exd5 Na5 6. Bb5+ c6 7. dxc6 bxc6 8.
Be2 h6 9. Nf3 e4 10. Ne5 Bd6 11. d4 Qc7 12. f4 O-O 13. O-O c5 14. c3 Bb7 15.
Na3 a6 16. Be3 Rfd8 17. Nac4 Nxc4 18. Nxc4 Be7 19. Ne5 Rac8 20. Rc1 Qa5 21. Qb3
Bd5 22. c4 Rb8 23. Qc3 Qxc3 24. bxc3 Rb2 25. Rfe1 Ba8 26. a4 Rdb8 27. Kf1 Ra2
28. Ra1 Rab2 29. Rec1 Re8 30. Ke1 g6 31. Rcb1 Reb8 32. Rxb2 Rxb2 33. dxc5 Ne8
34. Nd7 Bc6 35. Nb6 Nc7 36. Kd1 Ne6 37. Bc1 Rb3 38. Nd5 Bxc5 39. Kc2 Rb8 40. g3
Kg7 41. Be3 a5 42. Kc1 Rb3 43. Kc2 Rb7 44. Bd1 Bxe3 45. Nxe3 Nc5 46. Kc1 Nd3+
47. Kd2 Rd7 48. Ke2 Rb7 49. Bc2 Rb2 50. Kd2 Nc5 51. Ra3 Rb7 52. Ra2 Rd7+ 53.
Ke2 Nd3 54. Ra1 Nc5 55. Ng4 f6 56. Ne3 Rb7 57. Ra2 h5 58. h3 Nb3 59. Bxb3 Rxb3
60. Kd2 Rb1 61. Nc2 Rb8 62. Ne3 Kf7 63. Ke2 Ke6 64. Nc2 Kd6 65. Ne3 Bd7 66.
Rd2+ Ke6 67. Ra2 Kd6 68. h4 Kc5 69. Rd2 Bc6 70. Ra2 Rb3 71. Kd2 Rb1 72. f5 gxf5
73. Nxf5 Kxc4 74. Ng7 Rg1 75. Ke3 Rxg3+ 0-1

[Event "12. Lichtenberger Sommer"]
[Site "Berlin"]
[Date "2013.08.21"]
[Round "5.79"]
[White "Herrmann, Eberhard"]
[Black "Willich, Manfred"]
[Result "0-1"]
[WhiteElo "1861"]
[BlackElo "1981"]
[PlyCount "76"]
[EventDate "2013.??.??"]
[WhiteTeam "SC Friesen Lichtenberg e.V."]
[BlackTeam "SK Turm Bad Hersfeld"]

1. e4 c5 2. Nc3 a6 3. d3 Nc6 4. f4 e6 5. Nf3 d6 6. Be2 b5 7. b3 Be7 8. Bd2 b4
9. Na4 Qc7 10. c3 a5 11. O-O Nf6 12. Rc1 O-O 13. Qe1 Qa7 14. Kh1 Bd7 15. Qg3
Rfe8 16. Nh4 Rad8 17. f5 e5 18. Nf3 Nb8 19. Nb2 bxc3 20. Bxc3 Bb5 21. Qh3 Nxe4
22. Be1 Nd7 23. g4 Ng5 24. Qg3 e4 25. Nd2 exd3 26. Nxd3 Bf6 27. Bd1 Qb7+ 28.
Kg1 Bd4+ 29. Bf2 Bxf2+ 30. Rxf2 Bxd3 31. Qxd3 Re1+ 32. Nf1 Rde8 33. Rg2 Ne5 34.
Qc3 Nef3+ 35. Bxf3 Nxf3+ 36. Kf2 R1e2+ 37. Kg3 Rxg2+ 38. Kxg2 Ne1+ 0-1

[Event "12. Lichtenberger Sommer"]
[Site "Berlin"]
[Date "2013.08.21"]
[Round "5.80"]
[White "Engelhardt, Erhard"]
[Black "Bauder, Herbert"]
[Result "0-1"]
[WhiteElo "1841"]
[BlackElo "1932"]
[PlyCount "104"]
[EventDate "2013.??.??"]
[WhiteTeam "SSV Rotation Berlin e.V."]
[BlackTeam "SG Lasker Steglitz-Wilmersdorf"]

1. f4 c5 2. b3 Nf6 3. Nf3 g6 4. Bb2 Bg7 5. e3 O-O 6. Be2 d6 7. O-O Nc6 8. c4
Bf5 9. Nh4 Qd7 10. Nxf5 gxf5 11. Na3 Kh8 12. Nc2 Rg8 13. Rb1 Ne4 14. Bf3 Bxb2
15. Rxb2 Qe6 16. Qe1 Qf6 17. Rb1 Qg7 18. Kh1 Qh6 19. Bxe4 fxe4 20. Rg1 Rg4 21.
g3 Rag8 22. Qf2 a5 23. a4 e6 24. Rbd1 Ne7 25. Rg2 Nf5 26. Rdg1 Qh3 27. Ne1 h5
28. d3 d5 29. dxe4 dxe4 30. Nc2 h4 31. gxh4 Nxh4 32. Rxg4 Rxg4 33. Rxg4 Qxg4
34. Ne1 Kg7 35. Qg3 Qxg3 36. hxg3 Nf5 37. Nc2 Nxg3+ 38. Kg2 Ne2 39. Kh3 Kg6 40.
Kg4 f5+ 41. Kh3 Kh5 42. Kg2 Kg4 43. Kf2 Nc1 44. Na1 Kh3 45. Ke1 Kg3 46. Kd2 Nd3
47. Nc2 Kf2 48. Na3 Ne1 49. Nb5 Nf3+ 50. Kd1 Kxe3 51. Nc7 Nd4 52. Ne8 Kf2 0-1

[Event "12. Lichtenberger Sommer"]
[Site "Berlin"]
[Date "2013.08.21"]
[Round "5.82"]
[White "Weishäutel, Moritz"]
[Black "Georgi, David"]
[Result "0-1"]
[WhiteElo "1680"]
[BlackElo "1696"]
[PlyCount "86"]
[EventDate "2013.??.??"]
[WhiteTeam "SV Empor Erfurt"]
[BlackTeam "BSG Pneumant Fürstenwalde e.V."]

1. e4 c5 2. Nf3 d6 3. d4 cxd4 4. Nxd4 Nf6 5. Nc3 g6 6. f4 Bg7 7. Be3 O-O 8. h3
Nc6 9. Qf3 Nd7 10. O-O-O Nxd4 11. Bxd4 e5 12. fxe5 Nxe5 13. Bxe5 Bxe5 14. g4
Qa5 15. Rd5 Qb6 16. Rb5 Qd8 17. Bc4 a6 18. Rxe5 dxe5 19. Rd1 Qg5+ 20. Kb1 Be6
21. Bd5 Rab8 22. Qe2 Qe7 23. Qe3 b5 24. Bxe6 fxe6 25. Qh6 b4 26. Ne2 Rbc8 27.
h4 Qc5 28. c3 Rc7 29. h5 Qc4 30. hxg6 Qxe4+ 31. Ka1 Qxg6 32. Qe3 Rcf7 33. cxb4
Rf1 34. Qc1 Rxd1 35. Qxd1 Qxg4 36. b3 Qg2 37. Qd3 Rf1+ 38. Kb2 Rf2 39. Qd8+ Kf7
40. Qd7+ Kf6 41. Qd8+ Kf5 42. Qd3+ e4 43. Qd7 Rxe2+ 0-1

[Event "12. Lichtenberger Sommer"]
[Site "Berlin"]
[Date "2013.08.21"]
[Round "5.83"]
[White "Scholta, Danilo"]
[Black "Korell, Klaus-Peter"]
[Result "0-1"]
[WhiteElo "1584"]
[BlackElo "1960"]
[PlyCount "126"]
[EventDate "2013.??.??"]
[WhiteTeam "SV Empor Berlin e.V."]
[BlackTeam "SG TT/Wiheil"]

1. e4 e6 2. d4 d5 3. Nc3 Bb4 4. e5 c5 5. a3 Bxc3+ 6. bxc3 Ne7 7. Nf3 Nbc6 8.
Bd3 Bd7 9. Rb1 Rb8 10. O-O c4 11. Be2 h6 12. Ra1 Na5 13. Kh1 Ng6 14. Ng1 O-O
15. a4 Bc6 16. Ba3 Re8 17. Bd6 Rc8 18. f4 Qd7 19. Bg4 Ne7 20. Qf3 Nf5 21. Bb4
b6 22. Bh3 Bxa4 23. g4 Ne7 24. Ra2 Nb7 25. g5 Nf5 26. Bxf5 exf5 27. gxh6 g6 28.
Qg3 b5 29. Nf3 Nd8 30. Nh4 Kh7 31. Rg1 Rg8 32. Qg5 Ne6 33. Qg3 Qd8 34. Nf3 Kxh6
35. h4 Ng7 36. Ng5 Qe8 37. Rg2 Nh5 38. Qf2 Rc7 39. Ra1 Rb7 40. Rf1 Qd8 41. Qf3
a5 42. Bd6 Qe8 43. Qxd5 Ra7 44. Kh2 b4 45. cxb4 Bc6 46. Qc5 Rb7 47. Rd2 axb4
48. Qxc4 Bb5 49. Qxb4 Qd7 50. Rff2 Bc6 51. Qa3 Bd5 52. Bb4 Ra7 53. Qb2 Rga8 54.
Rd1 Ra2 55. Qc3 Rc8 56. Bc5 Kg7 57. Ra1 Rca8 58. Rxa2 Rxa2 59. Qe1 Qc6 60. c3
Qa6 61. Kh3 Ra1 62. Qe3 Rh1+ 63. Rh2 Qf1# 0-1

[Event "12. Lichtenberger Sommer"]
[Site "Berlin"]
[Date "2013.08.21"]
[Round "5.84"]
[White "Tschirschwitz, Stephan"]
[Black "Krüger, Ekkehard"]
[Result "0-1"]
[WhiteElo "1570"]
[BlackElo "1806"]
[PlyCount "108"]
[EventDate "2013.??.??"]
[WhiteTeam "SG Lasker Steglitz-Wilmersdorf"]
[BlackTeam "SG Narva Berlin e.V."]

1. c4 e5 2. Nc3 Nf6 3. e3 d5 4. cxd5 Nxd5 5. Nf3 Nxc3 6. bxc3 Bd6 7. Qc2 O-O 8.
h3 Nc6 9. e4 Qe7 10. d3 h6 11. Rb1 b6 12. g3 Bd7 13. Bg2 Rae8 14. O-O Na5 15.
Nh4 Qf6 16. Be3 c5 17. f4 exf4 18. Bxf4 Bxf4 19. Rxf4 Qe5 20. Nf3 Qc7 21. Nd2
g5 22. Rf3 f5 23. Kh2 g4 24. hxg4 fxg4 25. Rxf8+ Rxf8 26. Nc4 Nxc4 27. dxc4 Qe5
28. Rf1 Rxf1 29. Bxf1 Bc6 30. Bd3 Kg7 31. Qe2 h5 32. Qd2 Bxe4 33. Bxe4 Qxe4 34.
Qg5+ Qg6 35. Qe7+ Kh6 36. Qe2 Qf6 37. Qe3+ Kg6 38. Qe4+ Kg5 39. Qe3+ Kf5 40.
Kg1 Qe5 41. Qd3+ Ke6 42. Qg6+ Kd7 43. Qd3+ Kc6 44. Kg2 Kb7 45. Qd7+ Qc7 46.
Qd5+ Qc6 47. Kf2 Qxd5 48. cxd5 b5 49. Ke3 Kc7 50. Kf4 Kd6 51. Kg5 Kxd5 52. Kxh5
c4 53. Kxg4 b4 54. cxb4 c3 0-1

[Event "12. Lichtenberger Sommer"]
[Site "Berlin"]
[Date "2013.08.21"]
[Round "5.85"]
[White "Jiranek, Benno"]
[Black "Albinus, Günter"]
[Result "0-1"]
[WhiteElo "1480"]
[BlackElo "1844"]
[PlyCount "69"]
[EventDate "2013.??.??"]
[WhiteTeam "SC Kreuzberg e.V."]
[BlackTeam "SG Weißensee 49 e.V."]

1. d4 Nf6 2. c4 e6 3. Nc3 d5 4. cxd5 exd5 5. Bg5 Be7 6. e3 c6 7. Bd3 Ne4 8.
Bxe7 Qxe7 9. Nf3 Nf6 10. O-O O-O 11. h3 Nbd7 12. Re1 Re8 13. e4 dxe4 14. Bxe4
Nxe4 15. Rxe4 Qd8 16. Qe2 Nf6 17. Re5 Bd7 18. Re1 h6 19. Rxe8+ Qxe8 20. Qc4 Be6
21. d5 cxd5 22. Qb4 Qd7 23. Ne5 Qc7 24. Nb5 Qb6 25. Qa4 Ne4 26. Nd3 Bd7 27. Qb3
Qxb5 28. Qd1 Qb6 29. Qf3 Be6 30. Nf4 Qxb2 31. Re2 Qc1+ 32. Kh2 Qc7 33. g3 Rc8
34. Nd3 Ng5 35. Nf4 0-1

[Event "12. Lichtenberger Sommer"]
[Site "Berlin"]
[Date "2013.08.21"]
[Round "5.86"]
[White "Laurin, Dirk"]
[Black "Fiedler, Wolfgang"]
[Result "0-1"]
[WhiteElo "1647"]
[BlackElo "2012"]
[PlyCount "39"]
[EventDate "2013.??.??"]
[WhiteTeam "SG Narva Berlin e.V."]
[BlackTeam "SV Berolina Mitte e.V."]

1. e4 Nf6 2. Nc3 d5 3. e5 Nfd7 4. d4 e6 5. Nf3 c5 6. Be2 cxd4 7. Qxd4 Nc6 8.
Qf4 a6 9. O-O Qc7 10. Re1 Ndxe5 11. a3 Nxf3+ 12. Qxf3 Be7 13. Bf4 Qb6 14. b4
O-O 15. Bd3 Bf6 16. Na4 Qd8 17. Rab1 e5 18. Bxh7+ Kxh7 19. Qh5+ Kg8 20. Bxe5
0-1

[Event "12. Lichtenberger Sommer"]
[Site "Berlin"]
[Date "2013.08.21"]
[Round "5.87"]
[White "Boeck, Rüdiger"]
[Black "Poeltelt, Helmut"]
[Result "1/2-1/2"]
[WhiteElo "1829"]
[BlackElo "1733"]
[PlyCount "96"]
[EventDate "2013.??.??"]
[WhiteTeam "SC Weisse Dame Ulm e.V."]
[BlackTeam "SC Eintracht Berlin e.V."]

1. e4 c5 2. Nf3 Nc6 3. d4 cxd4 4. Nxd4 a6 5. Nc3 e6 6. Be3 Nxd4 7. Bxd4 Ne7 8.
Bc4 Nc6 9. Be3 b5 10. Bd3 Qc7 11. f4 Be7 12. O-O Bb7 13. a3 b4 14. axb4 Nxb4
15. Be2 Bc5 16. Bf2 Bxf2+ 17. Rxf2 Qc5 18. Rc1 d5 19. exd5 Nxd5 20. Nxd5 Bxd5
21. c3 O-O 22. Bf3 Rfd8 23. g3 Qe3 24. Qe1 Qxe1+ 25. Rxe1 Rab8 26. Bxd5 Rxd5
27. Ree2 a5 28. Rd2 Rbd8 29. Rxd5 Rxd5 30. Kf1 Kf8 31. Ke1 Ke7 32. Rd2 Kd6 33.
Rxd5+ Kxd5 34. Kd2 a4 35. Kd3 f6 36. c4+ Kc5 37. Kc3 e5 38. fxe5 fxe5 39. b4+
axb3 40. Kxb3 g6 41. Kc3 e4 42. h3 h6 43. h4 g5 44. hxg5 hxg5 45. g4 e3 46. Kd3
e2 47. Kxe2 Kxc4 48. Ke3 Kd5 1/2-1/2

[Event "12. Lichtenberger Sommer"]
[Site "Berlin"]
[Date "2013.08.21"]
[Round "5.88"]
[White "Zschäbitz, Klaus"]
[Black "Schweitzer, Paul"]
[Result "1-0"]
[WhiteElo "2024"]
[BlackElo "1724"]
[PlyCount "73"]
[EventDate "2013.??.??"]
[WhiteTeam "BSG 1827 Eckbauer e.V."]
[BlackTeam "SV Königsjäger Süd-West e.V."]

1. c4 e6 2. g3 Nc6 3. Bg2 Nf6 4. Nf3 Be7 5. d4 Bb4+ 6. Bd2 a6 7. a3 Bxd2+ 8.
Nbxd2 d5 9. O-O Bd7 10. Qc2 Rb8 11. e4 g6 12. exd5 exd5 13. Rfe1+ Be6 14. Qc3
O-O 15. Ne5 Ne7 16. cxd5 Nexd5 17. Qa5 Nb6 18. Ndf3 Bd5 19. Qd2 Ne4 20. Qc2 f5
21. a4 c6 22. a5 Nc8 23. Nd2 Nxd2 24. Qxd2 Bxg2 25. Kxg2 Qd5+ 26. Nf3 Nd6 27.
Re5 Qb3 28. Ra3 Qf7 29. Ng5 Qd7 30. Qb4 h6 31. Re6 hxg5 32. Rxg6+ Kh7 33. Rxd6
Qf7 34. Qb3 Qh5 35. Rd7+ Kh8 36. d5 g4 37. Qc3+ 1-0

[Event "12. Lichtenberger Sommer"]
[Site "Berlin"]
[Date "2013.08.21"]
[Round "5.89"]
[White "Schrade, Ulrich"]
[Black "Deutschbein, Christopher"]
[Result "0-1"]
[WhiteElo "1528"]
[BlackElo "2003"]
[PlyCount "42"]
[EventDate "2013.??.??"]
[WhiteTeam "SV Trossingen"]
[BlackTeam "Bille SC von 1924 e.V."]

1. e4 e5 2. Nc3 Nf6 3. Bc4 Nxe4 4. Bxf7+ Kxf7 5. Nxe4 d5 6. Qf3+ Kg8 7. Qb3 Nc6
8. Ng3 Nd4 9. Qd3 c5 10. c3 e4 11. Qb1 Nf5 12. N1e2 Nxg3 13. Nxg3 h5 14. a3 h4
15. Ne2 Qg5 16. d3 Qxg2 17. Rg1 Qf3 18. dxe4 Bg4 19. Qc2 Re8 20. Rxg4 Qxg4 21.
exd5 Qg1+ 0-1

[Event "12. Lichtenberger Sommer"]
[Site "Berlin"]
[Date "2013.08.21"]
[Round "5.90"]
[White "Bender, Sebastian"]
[Black "Becker, Uwe"]
[Result "1/2-1/2"]
[WhiteElo "1921"]
[BlackElo "1808"]
[PlyCount "108"]
[EventDate "2013.??.??"]
[WhiteTeam "SC Zugzwang 95 e.V."]
[BlackTeam "SV Glück auf Rüdersdorf e.V."]

1. e4 d6 2. d4 Nf6 3. Nc3 g6 4. f4 Bg4 5. Qd3 Bc8 6. Nf3 a6 7. h3 Bg7 8. Be3
O-O 9. O-O-O c6 10. g4 Qc7 11. e5 Ne8 12. Be2 d5 13. Rdg1 f6 14. h4 f5 15. g5
Kf7 16. h5 e6 17. hxg6+ hxg6 18. Rh7 Nd7 19. Rgh1 Rg8 20. Bd2 Nf8 21. R7h3 Qe7
22. Na4 Qc7 23. Qb3 b5 24. Nc5 a5 25. Qa3 Qb6 26. Ne1 Nc7 27. Kb1 b4 28. Qa4
Nb5 29. Bxb5 cxb5 30. Qb3 Nd7 31. Ned3 Bf8 32. Rh7+ Rg7 33. Rxg7+ Kxg7 34. Nxd7
Bxd7 35. Nc5 Bxc5 36. dxc5 Qd8 37. Qh3 Qh8 38. Qh6+ Qxh6 39. gxh6+ Kh7 40. Be3
Bc6 41. Rh3 Rd8 42. Bd4 Ra8 43. Kc1 a4 44. Kd2 Rd8 45. Kd3 Rd7 46. Bf2 Rf7 47.
Kd4 Rd7 48. Be1 b3 49. cxb3 axb3 50. a3 Ra7 51. Bb4 Rd7 52. Ba5 Ra7 53. Be1
Ra4+ 54. Bb4 Ra7 1/2-1/2

[Event "12. Lichtenberger Sommer"]
[Site "Berlin"]
[Date "2013.08.21"]
[Round "5.91"]
[White "Strehlow, Horst"]
[Black "Linden, Raimund"]
[Result "1/2-1/2"]
[WhiteElo "2026"]
[BlackElo "1740"]
[PlyCount "33"]
[EventDate "2013.??.??"]
[WhiteTeam "SC Friesen Lichtenberg e.V."]
[BlackTeam "SK Zehlendorf e.V."]

1. e4 e5 2. Nf3 Nc6 3. Bb5 d6 4. d4 exd4 5. Nxd4 Bd7 6. O-O Nf6 7. Nc3 Be7 8.
Bxc6 bxc6 9. Qf3 c5 10. Nf5 Bxf5 11. Qxf5 O-O 12. Bg5 Qc8 13. Qf3 Re8 14. Rfe1
Nd7 15. Bxe7 Rxe7 16. Qg3 Nb6 17. f4 1/2-1/2

[Event "12. Lichtenberger Sommer"]
[Site "Berlin"]
[Date "2013.08.21"]
[Round "5.93"]
[White "Mildenberger, Hans"]
[Black "Schönberger, Kay"]
[Result "0-1"]
[WhiteElo "1622"]
[BlackElo "1891"]
[PlyCount "68"]
[EventDate "2013.??.??"]
[WhiteTeam "SG BVG Helmholtz 55"]
[BlackTeam "SV Koblenz 03/25"]

1. d4 Nf6 2. c4 g6 3. Nc3 Bg7 4. e4 d6 5. g3 O-O 6. Bg2 e5 7. d5 Nbd7 8. Bg5 h6
9. Be3 a5 10. b3 Kh7 11. Qd2 Ng4 12. Rc1 Nxe3 13. Qxe3 h5 14. Nge2 Bh6 15. f4
exf4 16. gxf4 Qf6 17. O-O Nc5 18. Qd4 Qh4 19. Rc2 Re8 20. Qf2 Qe7 21. f5 gxf5
22. Kh1 Nd3 23. Qf3 Ne5 24. Qg3 h4 25. Qf2 Ng4 26. Qf3 Ne3 27. Rcc1 Nxf1 28.
Rxf1 Bd7 29. exf5 Rg8 30. f6 Qe5 31. Qe4+ Qxe4 32. Bxe4+ Kh8 33. Nf4 Rae8 34.
Ng6+ Rxg6 0-1

[Event "12. Lichtenberger Sommer"]
[Site "Berlin"]
[Date "2013.08.21"]
[Round "5.95"]
[White "Schlittermann, Wolfgang"]
[Black "Lehmann, Tornalf"]
[Result "1/2-1/2"]
[WhiteElo "1769"]
[BlackElo "1680"]
[PlyCount "75"]
[EventDate "2013.??.??"]
[WhiteTeam "SV Osram e.V."]
[BlackTeam "SC Heilsbronn 1951 e.V."]

1. Nf3 Nf6 2. c4 e6 3. d4 c5 4. e3 d5 5. cxd5 exd5 6. dxc5 Bxc5 7. Qc2 Bd6 8.
Bb5+ Bd7 9. Bd3 Nc6 10. a3 O-O 11. h3 Re8 12. O-O Rc8 13. Qd1 Qc7 14. Nc3 h6
15. Nb5 Qb8 16. Nxd6 Qxd6 17. Bd2 Ne4 18. Be1 Qe7 19. Qb3 Be6 20. Bb5 a6 21.
Bxc6 Rxc6 22. Nd4 Rc4 23. Nxe6 fxe6 24. Qd3 Rec8 25. Bb4 Qe8 26. f3 Ng3 27. Rf2
Rc1+ 28. Rxc1 Rxc1+ 29. Kh2 Qb8 30. f4 Ne4 31. Rc2 Rxc2 32. Qxc2 Kf7 33. Qe2 g6
34. g3 Qc7 35. Qe1 Qc2+ 36. Kg1 Qxb2 37. g4 b6 38. Qh4 1/2-1/2

[Event "12. Lichtenberger Sommer"]
[Site "Berlin"]
[Date "2013.08.21"]
[Round "5.96"]
[White "Acikel, Mert"]
[Black "Rose, Luis Stratos"]
[Result "1-0"]
[WhiteElo "1741"]
[BlackElo "1410"]
[PlyCount "95"]
[EventDate "2013.??.??"]
[WhiteTeam "VfB Hermsdorf e.V."]
[BlackTeam "SC Kreuzberg e.V."]

1. e4 g6 2. d4 Bg7 3. Nf3 d6 4. Nc3 Nf6 5. Bd3 O-O 6. h3 c5 7. Be3 cxd4 8. Nxd4
Nc6 9. Qd2 Nxd4 10. Bxd4 Nd7 11. Bxg7 Kxg7 12. O-O-O Nc5 13. h4 h5 14. f3 Rh8
15. Rdg1 Nxd3+ 16. cxd3 Qa5 17. g4 Be6 18. gxh5 Rxh5 19. f4 f5 20. Rg5 Rxg5 21.
fxg5 Rh8 22. Qe3 fxe4 23. Qxe4 Qf5 24. Qxb7 Qf4+ 25. Kb1 Rxh4 26. Qxe7+ Bf7 27.
Qf6+ Kg8 28. Rxh4 Qxh4 29. Ne4 Qe1+ 30. Kc2 Qe2+ 31. Nd2 Qe5 32. Qxe5 dxe5 33.
Nf3 Kf8 34. Nxe5 a6 35. Nxf7 Kxf7 36. Kb3 Ke6 37. Kc4 Kf5 38. Kd5 Kxg5 39. Ke5
Kh4 40. d4 g5 41. d5 g4 42. d6 g3 43. d7 g2 44. d8=Q+ Kg3 45. Qg8+ Kh2 46.
Qxg2+ Kxg2 47. Kd6 Kf3 48. Kc6 1-0

[Event "12. Lichtenberger Sommer"]
[Site "Berlin"]
[Date "2013.08.21"]
[Round "5.97"]
[White "Lübke, Thomas"]
[Black "Stemmler, Frank"]
[Result "1-0"]
[WhiteElo "1964"]
[BlackElo "1377"]
[PlyCount "103"]
[EventDate "2013.??.??"]
[WhiteTeam "FVS ASP Hoyerswerda"]
[BlackTeam "SG Eckturm"]

1. e4 e5 2. Nf3 Nc6 3. Bb5 Bc5 4. c3 Nge7 5. O-O O-O 6. d4 exd4 7. cxd4 Bb6 8.
d5 a6 9. Ba4 Nb8 10. Nc3 d6 11. h3 Bd7 12. Bc2 Ng6 13. Re1 f6 14. Be3 Bxe3 15.
Rxe3 Be8 16. Nd4 Bf7 17. g3 Nd7 18. Qe2 Qc8 19. Kg2 Nb6 20. Rf1 Re8 21. f4 Re7
22. Nf5 Re8 23. h4 Ne7 24. Nd4 Rf8 25. g4 Be8 26. Rg3 Bd7 27. Bb3 Re8 28. Ne6
Bxe6 29. dxe6 Nc6 30. f5 Nd4 31. Qd1 Nxb3 32. Qxb3 Kh8 33. Nd5 Nxd5 34. exd5
Ra7 35. Qe3 b6 36. g5 Qd8 37. Qf3 Qe7 38. Qh5 a5 39. Rf4 Rc8 40. Rfg4 Rg8 41.
gxf6 Qxf6 42. Qf7 Raa8 43. Qxf6 gxf6 44. Rxg8+ Rxg8 45. Rxg8+ Kxg8 46. Kf3 h5
47. Ke4 Kf8 48. Kd4 Ke7 49. Kc4 Kd8 50. Kb5 Ke7 51. Kc6 Kd8 52. a4 1-0

[Event "12. Lichtenberger Sommer"]
[Site "Berlin"]
[Date "2013.08.21"]
[Round "5.98"]
[White "Lohse, Steffen"]
[Black "Baumgaertner, Andre"]
[Result "0-1"]
[WhiteElo "1897"]
[BlackElo "1348"]
[PlyCount "88"]
[EventDate "2013.??.??"]
[WhiteTeam "SV Osram"]
[BlackTeam "SC Friesen Lichtenberg e.V."]

1. d4 d5 2. c3 e6 3. e3 Nf6 4. Bd3 Nbd7 5. f4 c5 6. Nf3 c4 7. Bc2 b5 8. b4 a5
9. bxa5 Rxa5 10. Bb2 Nb6 11. a3 Bd7 12. Nbd2 Qa8 13. O-O Na4 14. Bxa4 Rxa4 15.
Ne5 Be7 16. g4 Bxa3 17. Bxa3 Rxa3 18. Rb1 Bc6 19. g5 Nd7 20. Qh5 g6 21. Qh6
Nxe5 22. fxe5 Ke7 23. Qg7 Qf8 24. Qf6+ Ke8 25. Ra1 Rxa1 26. Rxa1 Rg8 27. Ra7
Rg7 28. Nb1 Rg8 29. Na3 b4 30. Nb5 Bxb5 31. Ra8+ Kd7 32. Rxf8 Rxf8 33. cxb4 c3
34. Qf2 Ke7 35. Qa2 Rc8 36. Qa7+ Bd7 37. Qa1 c2 38. Qc1 Bb5 39. Kf2 Rc3 40. Ke1
Bd3 41. Kd2 Rb3 42. Qa1 Rb1 43. Qa7+ Kf8 44. Kxd3 c1=Q 0-1

[Event "12. Lichtenberger Sommer"]
[Site "Berlin"]
[Date "2013.08.21"]
[Round "5.100"]
[White "Nguyen, Phuong Thuy Anh"]
[Black "Schrodt, Horst"]
[Result "1-0"]
[WhiteElo "1436"]
[BlackElo "1753"]
[PlyCount "111"]
[EventDate "2013.??.??"]
[WhiteTeam "Schachunion Berlin e.V."]
[BlackTeam "SC Eintracht Berlin e.V."]

1. e4 c6 2. Nc3 d5 3. Nf3 dxe4 4. Nxe4 Nd7 5. d4 Ngf6 6. Nc3 e6 7. Bd3 Bb4 8.
Bd2 O-O 9. O-O c5 10. Ne4 Nxe4 11. Bxe4 Bxd2 12. Qxd2 Nf6 13. Rfe1 Qb6 14. c3
cxd4 15. Nxd4 Rd8 16. Qc2 Bd7 17. Bd3 Qc5 18. a4 Rac8 19. f4 g6 20. Kh1 Nd5 21.
Qd2 Qd6 22. Rf1 Nb6 23. a5 Nc4 24. Qf2 Qe7 25. Rfe1 Qf6 26. Kg1 Nd6 27. Rad1 a6
28. Re5 Nc4 29. Bxc4 Rxc4 30. Ne2 Bb5 31. Rxd8+ Qxd8 32. b4 Qd1+ 33. Qf1 Qxf1+
34. Kxf1 Rxf4+ 35. Ke1 Bxe2 36. Kxe2 Rc4 37. Kd2 Kg7 38. h3 h5 39. g3 Rc6 40.
Kd3 f5 41. h4 Kf6 42. Re3 e5 43. c4 Rd6+ 44. Ke2 Rd4 45. Rc3 f4 46. gxf4 Rxf4
47. Rf3 Kf5 48. c5 Ke6 49. Rxf4 exf4 50. Kf3 Kd5 51. Kxf4 Kc4 52. Kg5 Kxb4 53.
Kxg6 Kxa5 54. Kxh5 b5 55. cxb6 Kxb6 56. Kg6 1-0

[Event "12. Lichtenberger Sommer"]
[Site "Berlin"]
[Date "2013.08.21"]
[Round "5.102"]
[White "Gnaß, Erhard"]
[Black "Weiß, Daniel"]
[Result "1/2-1/2"]
[WhiteElo "1529"]
[BlackElo "1758"]
[PlyCount "88"]
[EventDate "2013.??.??"]
[WhiteTeam "SK Zehlendorf e.V."]
[BlackTeam "Sfr.Nord-Ost Berlin"]

1. Nf3 Nf6 2. d3 g6 3. g3 Bg7 4. Bg2 O-O 5. O-O d6 6. Nbd2 c5 7. e4 e5 8. Re1
Nc6 9. b3 b5 10. c4 b4 11. Nf1 Bg4 12. h3 Be6 13. Bg5 Qd7 14. Kh2 Ne8 15. Qc1
Nc7 16. Bh6 f6 17. Bxg7 Qxg7 18. Ne3 Ne7 19. Nd5 Ncxd5 20. cxd5 Bd7 21. Nd2 Bb5
22. Nc4 Bxc4 23. dxc4 f5 24. f3 f4 25. g4 Qh6 26. Rh1 Qh4 27. Qe1 Qxe1 28.
Rhxe1 Rfb8 29. Bf1 a5 30. Bd3 g5 31. Bc2 Nc8 32. Kg2 Nb6 33. Rh1 Kg7 34. h4 h6
35. hxg5 hxg5 36. Rh5 Kf6 37. Rah1 Rg8 38. Rh7 Nc8 39. Rd7 Kg6 40. Rh5 Ra7 41.
Rhh7 Rxd7 42. Rxd7 Rf8 43. Rb7 Rf7 44. Rxf7 Kxf7 1/2-1/2

[Event "12. Lichtenberger Sommer"]
[Site "Berlin"]
[Date "2013.08.21"]
[Round "5.103"]
[White "Schmitt, Jens-Ole"]
[Black "Schmole-Rostosky, Joachim"]
[Result "1-0"]
[WhiteElo "1676"]
[BlackElo "1245"]
[PlyCount "45"]
[EventDate "2013.??.??"]
[WhiteTeam "SG Narva Berlin e.V."]
[BlackTeam "SF Schwarz-Weiß Merzhausen"]

1. e4 e6 2. c4 c5 3. Nf3 Nc6 4. d4 cxd4 5. Nxd4 Bc5 6. Nb5 d6 7. Be3 Bb4+ 8.
N1c3 Ke7 9. a3 Bxc3+ 10. Nxc3 Nf6 11. f4 Ne8 12. c5 b6 13. cxb6 axb6 14. Bc4
Ba6 15. Ba2 b5 16. b4 Qc7 17. f5 Nf6 18. fxe6 fxe6 19. Qb3 Qd7 20. Rd1 Ne5 21.
Bf4 Nc4 22. Bxd6+ Nxd6 23. e5 1-0